header

The liberation of Jerusalem (Gerusalemme liberata) (Record no. 66324)

MARC details
000 -LEADER
fixed length control field 01683nam a2200397 a 4500
082 04 - DEWEY DECIMAL CLASSIFICATION NUMBER
Classification number 851/.4
100 1# - MAIN ENTRY--AUTHOR NAME
Personal name Tasso, Torquato,
245 14 - TITLE STATEMENT
Title The liberation of Jerusalem (Gerusalemme liberata)
260 ## - PUBLICATION, DISTRIBUTION, ETC. (IMPRINT)
Place of publication Oxford ;
-- New York :
Name of publisher Oxford University Press,
Year of publication 2009.
300 ## - PHYSICAL DESCRIPTION
Number of Pages xxxvi, 454 p.
490 1# - SERIES STATEMENT
Series statement Oxford world's classics
650 #0 - SUBJECT ADDED ENTRY--TOPICAL TERM
Topical Term Epic poetry, Italian
Topical Term Crusades
700 1# - ADDED ENTRY--PERSONAL NAME
Personal name Wickert, Max.
856 40 - ELECTRONIC LOCATION AND ACCESS
Uniform Resource Identifier http://site.ebrary.com/lib/rucke/Doc?id=10300132

No items available.

© 2026 Rongo University
Contact us: librarian | system librarian | Rongo university